| 000 | 00657nam a2200217Ia 4500 | ||
|---|---|---|---|
| 003 | GCL | ||
| 008 | 140319s9999 xx 000 0 ara d | ||
| 040 |
_aGCL / _cGCL |
||
| 082 | 0 | 4 |
_a922.1 _bن ع |
| 100 | 1 | _aنظمى لوقا | |
| 245 | 1 | 0 |
_aعمرو بن العاص / _cنظمى لوقا |
| 260 |
_aالقاهرة : _bمكتبة غريب ، _c1982 |
||
| 300 |
_a191 ص ؛ _c24 سم . |
||
| 490 | _a | ||
| 650 | 0 | 4 | _aالفتوحات الاسلامية |
| 650 | 0 | 4 | _aفتح مصر |
| 650 | 0 | 4 | _aعمروبن العاص (ل) |
| 650 | 0 | 4 | _aالرجال - تراجم |
| 650 | 0 | 4 | _aمصر - تاريخ - العصر الاسلامى |
| 942 |
_2ddc _cBK |
||
| 999 |
_c39582 _d39582 |
||